1114 1616 1594 1719 1065 1923 1517 1571 1848 1007 1496 1975 1084 1779 1139 1862 1296 1124 1830 1794 1031 1222 1399 1444 1143 1560 1864 1558 1394 1083 1583 1788 1423 1769 1756 1146 1280 1336 1161 1926 1231 1945 1020 1042 1840 1950 1070 1301 1650 1746 1633 1193 1260 1592 1310 1728 1002 1636 1174 1439 1805 1435 1125 1368 1806 1181 1005 1352 1906 1689 1460 1757 1088 1487 1071 1275 1314 1751 1447 1216 1233 1692 1773 1505 1988 1894 1610 1911 1043 1961 1324 1991 1946 1078 1861 1645 1692 1333 1381 BCNSPRNW ULIB Ver.6.0+V

เปลี่ยนเป็นภาษาไทย

Change to English
 แสดงรายละเอียดบรรณานุกรม
  กลับหน้าหลัก

Brief Record : Get Marc (ISO 2709) : E-mail record : QR code < ปิดหน้าต่าง
LEADER : 00000nam 2200000uu 4500
001    13399123939
003     ULIB
008    141215s2556||||th 000 0 tha d
020    ^a9786167556185
060    ^aWA695^bน624ร
100    ^aนิภาพร จตุพรโภคา,^eบรรณาธิการ
245    ^aสวยเลือกได้ =^bฉลาดซื้อ รวมผลทดสอบ 2013/^cนิภาพร จตุพรโภคา ; บรรณาธิการ
250    ^aพิมพ์ครั้งที่ 1
260    ^aกรุงเทพฯ :^bมูลนิธิเพื่อผู้บริโภค,^c2556
300    ^a109 หน้า;^b18 ซม.
650    ^aโภชนาการ
650    ^aอาหาร^xทดสอบ
945    ^p100^l0^i22731
945    ^p100^l0^i22732
999    ^aทศพร เกษรทอง
รายการนี้ยังไม่มีแท็ก
คุณยังไม่ได้ล็อกอิน คุณสามารถมีกิจกรรมร่วมกับเว็บไซต์ได้ แต่ต้องล็อกอินก่อน ::
  ล็อกอิน

รายการสื่อสารสนเทศ

ลำดับที่ ประเภท เลขเรียก/บาร์โค้ด สถานที่ สถานะ
1. วิทยาศาสตร์การแพทย์ และสุขภาพ
วิทยาศาสตร์การแพทย์ และสุขภาพ
สถานะ=หนังสือเก่า
WA695 น624ร ฉ.1 
  Barcode: 22731
ห้องสมุดวิทยาเขตนครสวรรค์
►ส่วนจัดเก็บหนังสือเก่า นว.
บนชั้น
  ขอยืม
2. วิทยาศาสตร์การแพทย์ และสุขภาพ
วิทยาศาสตร์การแพทย์ และสุขภาพ
สถานะ=หนังสือเก่า
WA695 น624ร ฉ.2 
  Barcode: 22732
ห้องสมุดวิทยาเขตนครสวรรค์
►ส่วนจัดเก็บหนังสือเก่า นว.
บนชั้น
  ขอยืม

รายการใกล้เคียง
    หัวเรื่อง [โภชนาการ]

BibComment


ยังไม่เคยถูกคอมเมนท์

คอมเมนท์ทรัพยากรรายการนี้
  คอมเมนท์: สวยเลือกได้ ฉลา..


 Copyright 2026. Bcnsprnw @Library